000 00631nam a22002057a 4500
003 OSt
005 20180116183019.0
008 151029b xxu||||| |||| 00| 0 eng d
020 _a9788131518946
040 _c0
082 _a658.7 LEE 2012
100 _aWilliam B. Lee, Ph.D.
245 _aGreating Entrepreneurial Supply Chains
_bA Guide for Innovation and Growth
_cGreating Entrepreneurial Supply Chains
260 _aIndia
_bCengage Learning
_c2012
300 _a376 p.
_bPB
440 _aGreating Entrepreneurial Supply Chains
600 _aWilliam B. Lee, Ph.D.
700 _aWilliam B. Lee, Ph.D.
942 _2ddc
_cBK
999 _c350498
_d350498